Những trầm tích văn hóa Qua nghiên cứu địa danh

Tìm hiểu về địa danh kỵ húy trong lịch sử. Bài ca các cửa biển. Địa danh ở Đăk Lăk. Một số địa danh gốc Chăm. Địa danh Vũng Tàu....

সংরক্ষণ করুন:
গ্রন্থ-পঞ্জীর বিবরন
প্রধান লেখক: Nguyễn Thanh Lợi
বিন্যাস: গ্রন্থ
ভাষা:Vietnamese
প্রকাশিত: H. Thời đại 2014
বিষয়গুলি:
ট্যাগগুলো: ট্যাগ যুক্ত করুন
কোনো ট্যাগ নেই, প্রথমজন হিসাবে ট্যাগ করুন!
Thư viện lưu trữ: Mạng thư viện Đại học Đà Nẵng
LEADER 01608aam a22004098a 4500
001 000020677
003 17124
005 20150331100355.0
008 150325s2014 viesd
020 |d 2000b 
041 0 |a vie 
082 0 4 |2 23  |a 398.329597  |b NG-L 
100 1 |a Nguyễn Thanh Lợi 
245 1 6 |a Những trầm tích văn hóa  |b Qua nghiên cứu địa danh  |c Nguyễn Thanh Lợi 
260 |a H.  |b Thời đại  |c 2014 
300 |a 298 tr.  |b ảnh  |c 21 cm. 
500 |a ĐTTS ghi: Hội Văn nghệ dân gian Việt Nam 
504 |a Thư mục: tr. 291-292. - Phụ lục: tr. 293-298 
520 |a Tìm hiểu về địa danh kỵ húy trong lịch sử. Bài ca các cửa biển. Địa danh ở Đăk Lăk. Một số địa danh gốc Chăm. Địa danh Vũng Tàu.... 
650 0 4 |2 Bộ TK TVQG  |a Địa danh  |v Nghiên cứu  |x Trầm tích văn hóa  |z Việt Nam 
650 7 |2 Bộ TK TVQG 
650 7 |2 Bộ TK TVQG 
651 7 |2 Bộ TK TVQG  |a Đồng bằng Bắc Bộ 
651 7 |2 Bộ TK TVQG  |a Việt Nam 
653 |a Địa danh 
653 |a Văn hóa dân gian 
653 |a Trầm tích văn hóa 
OWN |a LSP 
AVA |a UDN50  |b LSP  |d 398.329597 NG-L  |e available  |t Error 5001 Not defined in file expand_doc_bib_avail.  |f 1  |g 0  |h N  |i 0  |k 1 
999 |a From the UDN01 
AVA |a UDN50  |b LSP  |d 398.329597 NG-L  |e available  |t Error 5001 Not defined in file expand_doc_bib_avail.  |f 1  |g 0  |h N  |i 0  |k 1 
TYP |a Monograph 
TYP |a Printed language 
980 |a Mạng thư viện Đại học Đà Nẵng